000 00431nam a2200193Ia 4500
005 20250423095505.0
008 250422s9999 xx 000 0 und d
020 _a9783168916
050 _aKP 64 .D2/
100 _aDada, T. O.
245 0 _aGeneral principle of law
250 _a3rd ed.
260 _aLagos
260 _bT.O Dada and Co.
260 _c2006
300 _a564 p
650 _aLaw--Nigeria.
942 _cBK
999 _c30433
_d30433